Normal view
MARC view
- Reducing diets
Entry Topical Term
001 - CONTROL NUMBER
- control field: 8075
003 - CONTROL NUMBER IDENTIFIER
- control field: NUST
005 - DATE AND TIME OF LATEST TRANSACTION
- control field: 20180105095904.0
008 - FIXED-LENGTH DATA ELEMENTS
- fixed length control field: 180105|| aca||aabn | a|a d
040 ## - CATALOGING SOURCE
- Original cataloging agency: NUST
- Transcribing agency: NUST
150 ## - HEADING--TOPICAL TERM
- Topical term or geographic name entry element: Reducing diets
- Form subdivision: Recipes.
670 ## - SOURCE DATA FOUND
- Source citation: Work cat.: (NUST)0: Fuhrman, Joel. 8073, Eat to live :, 2011.
